| 000 | 00566nam a2200193Ia 4500 | ||
|---|---|---|---|
| 005 | 20250508163354.0 | ||
| 008 | 008 250505s9999 xx 000 0 hin d | ||
| 037 | _aTextual | ||
| 040 |
_aFEDL _beng _cFEDL |
||
| 041 |
_ahin _2eng |
||
| 084 |
_a030, DWI _qFEDL |
||
| 100 |
_aDwivedi Prabhaker _9775222 |
||
| 245 | 0 | _aVishvakosh: Kya, kyon aure kaise? | |
| 260 |
_aNew Delhi, India _bRashtiya Shashik Anushandhan aur Parishikshan Parishad _c1965 |
||
| 300 | _a52p | ||
| 650 | _aDictionaries | ||
| 942 |
_cTEXL _h030, DWI |
||
| 999 |
_c1382628 _d1382628 |
||